Records de montagnes russes en Europe (roller coaster) - Statistiques

Statistiques générales
  • Ce quiz a été pris 175 fois
  • Le résultat moyen est 17 sur 33
Statistiques - réponses
Vitesse Pays Réponse % Correct
180,0 km/h Espagne Red Force
86%
112,0 m Espagne Red Force
86%
134,0 km/h Espagne Shambhala
86%
1 564,0 m Espagne Shambhala
86%
76,0 m Espagne Shambhala
86%
127,0 km/h Allemagne Silver Star
85%
1 620,0 m Allemagne Silver Star
85%
73,0 m Allemagne Silver Star
85%
121,0 km/h Pologne Zadra
81%
62,8 m Pologne Zadra
81%
142,0 km/h Pologne Hyperion
72%
1 450,0 m Pologne Hyperion
72%
77,0 m Pologne Hyperion
72%
117,0 km/h Allemagne Taron
69%
1 320,0 m Allemagne Taron
69%
135,0 km/h Espagne Furius Baco
49%
1 381,0 m Suède Helix
44%
128,7 km/h Royaume-Uni Stealth
42%
62,5 m Royaume-Uni Stealth
42%
127,0 km/h Allemagne Schwur des Kärnan
36%
73,0 m Allemagne Schwur des Kärnan
36%
120,0 km/h Allemagne Expedition GeForce
32%
119,1 km/h Royaume-Uni Big One
30%
1 675,5 m Royaume-Uni Big One
30%
64,9 m Royaume-Uni Big One
30%
56,0 m Suède Wild Fire
30%
1 316,0 m Pologne Abyssus
24%
1 344,0 m Allemagne Colossos
23%
2 268,3 m Royaume-Uni Ultimate
13%
61,0 m Turquie Hyper Coaster
12%
58,2 m Espagne Stunt Fall
9%
1 340,2 m Suède Lisebergbanan
7%
1 394,2 m Espagne Coaster Express
6%
Aucun quiz correspondant
Distribution des résultats
% des personnes avec chaque résultat
Percentile par nombre de réponses
Votre historique - résultats
Vous n’avez pas pris ce quiz